<?xml version="1.0" encoding="UTF-8"?>
<marc:record xmlns:marc="http://www.loc.gov/MARC21/slim">
   <marc:leader>00000nam a2200000 a 4500</marc:leader>
   <marc:datafield ind1="0" ind2="0" tag="245">
      <marc:subfield code="a">Zauberwald</marc:subfield>
   </marc:datafield>
   <marc:datafield ind1="0" ind2="0" tag="245">
      <marc:subfield code="b">Versteckte Glitzersteine, freche Kobolde und magische Bäume</marc:subfield>
   </marc:datafield>
   <marc:datafield ind1=" " ind2="1" tag="264">
      <marc:subfield code="b">Ravensburger</marc:subfield>
      <marc:subfield code="c">2000</marc:subfield>
   </marc:datafield>
   <marc:datafield ind1="1" ind2=" " tag="520">
      <marc:subfield code="a">Ein Riesenspass für 2-4 Spieler von 6-99 Jahren

Zoff im Zauberwald!
Riese Rudi ist sauer, weil die frechen Kobolde im Wald herumspringen und seine geliebten Glitzersteine stibitzen! Immer wieder versucht der dicke Kerl die frechen Kids zu fangen...
aber gerade, wenn er einen fast erwischt hätte, bleibt er wieder ächzend zwischen zwei magischen Bäumen stecken! Dann zeigen die Kobolde ihm eine lange Nase und hüpfen mit dem Glitzerstein im Rucksack lachend davon.</marc:subfield>
   </marc:datafield>
</marc:record>
